Foodborne infections and intoxications Ed 3 (Record no. 166692)
[ view plain ]
| 000 -LEADER | |
|---|---|
| fixed length control field | 00660nam a2200241Ia 4500 |
| 003 - CONTROL NUMBER IDENTIFIER | |
| control field | OSt |
| 005 - DATE AND TIME OF LATEST TRANSACTION | |
| control field | 20230518090840.0 |
| 008 - FIXED-LENGTH DATA ELEMENTS--GENERAL INFORMATION | |
| fixed length control field | 210423s2006 xx 000 0 und d |
| 020 ## - INTERNATIONAL STANDARD BOOK NUMBER | |
| International Standard Book Number | 978-0-12-5883-65-8 |
| 040 ## - CATALOGING SOURCE | |
| Transcribing agency | AL |
| 041 ## - LANGUAGE CODE | |
| Language code of text/sound track or separate title | eng |
| 082 ## - DEWEY DECIMAL CLASSIFICATION NUMBER | |
| Classification number | 615.954 |
| Edition number | 23 |
| Item number | RIEF |
| 100 ## - MAIN ENTRY--PERSONAL NAME | |
| Personal name | RIEMANN (Hans P);CLIVER (Dean O) |
| 9 (RLIN) | 107517 |
| 245 ## - TITLE STATEMENT | |
| Title | Foodborne infections and intoxications Ed 3 |
| 250 ## - EDITION STATEMENT | |
| Edition statement | 3 |
| 260 ## - PUBLICATION, DISTRIBUTION, ETC. | |
| Place of publication, distribution, etc. | New York |
| Name of publisher, distributor, etc. | Elsevier |
| Date of publication, distribution, etc. | 2006 |
| 300 ## - PHYSICAL DESCRIPTION | |
| Extent | xiv,903 |
| Other physical details | HB |
| 365 ## - TRADE PRICE | |
| Price amount | 10807.5 |
| Currency code | USD |
| 650 ## - SUBJECT ADDED ENTRY--TOPICAL TERM | |
| Topical term or geographic name entry element | Medical Sciences |
| 9 (RLIN) | 107518 |
| 650 ## - SUBJECT ADDED ENTRY--TOPICAL TERM | |
| Topical term or geographic name entry element | Pharmacology |
| 9 (RLIN) | 107519 |
| 906 ## - LOCAL DATA ELEMENT F, LDF (RLIN) | |
| a | Ed ; Foodborne ; infections ; intoxications |
| 942 ## - ADDED ENTRY ELEMENTS (KOHA) | |
| Source of classification or shelving scheme | Dewey Decimal Classification |
| Koha item type | Book |
| Withdrawn status | Lost status | Damaged status | Not for loan | Collection code | Home library | Current library | Date acquired | Source of acquisition | Cost, normal purchase price | Total Checkouts | Full call number | Barcode | Date last seen | Price effective from | Koha item type |
|---|---|---|---|---|---|---|---|---|---|---|---|---|---|---|---|
| Bio Technology | St Aloysius PG Library | St Aloysius PG Library | 03/18/2015 | Kiran Book Centre | 10807.50 | 615.954 RIEF | PG013193 | 08/24/2022 | 04/26/2021 | Book |